| 000 | 05476nam a22003857a 4500 | ||
|---|---|---|---|
| 003 | CHAP | ||
| 005 | 20260319084107.0 | ||
| 007 | ta | ||
| 008 | 260318s2025 mx ado|fom||| 001 0 spa d | ||
| 040 | _erda | ||
| 041 |
_aspa _beng |
||
| 100 | 1 |
_aSaldaña Soto, Benjamin _9189084 |
|
| 240 | 1 | 0 |
_aSynthesis of paclobutrazole-type substituted 1,2,3- triazoles and in silico prediction of their bioactivities. _lEspañol |
| 245 | 1 | 0 |
_aSíntesis de 1,2,3-triazoles sustituidos tipo paclobutrazol y predicción in silico de sus bioactividades / _cBenjamin Saldaña Soto |
| 264 |
_aChapingo, México : _bEl autor, _c2025 |
||
| 300 |
_a1 recurso en línea ( 179 páginas) : _bilustraciones, tablas, gráficas, diagramas, fotografías |
||
| 336 |
_2rdacontent _atexto _btxt |
||
| 337 |
_2rdamedia _acomputadora _bc |
||
| 338 |
_2rdacarrier _arecurso en línea _bcr |
||
| 502 |
_aTesis _bMCTA _cAgroindustrias _d2025 _gMAE |
||
| 504 | _aIncluye bibliografías | ||
| 520 | 3 | _aLos triazoles y sus derivados son compuestos de gran relevancia debido a sus destacadas propiedades biológicas, que incluyen actividad antimicrobiana, herbicida y antifúngica, así como su capacidad para regular el crecimiento vegetal. Como fungicidas y reguladores del crecimiento, estos agroquímicos representan una alternativa económica para combatir enfermedades de las plantas causadas por hongos patógenos, que afectan la calidad y el rendimiento de los alimentos a nivel global. Por esta razón, los triazoles constituyen estructuras químicas de gran interés para el desarrollo de nuevos agroquímicos. Actualmente, la combinación de métodos experimentales y enfoques computacionales se ha consolidado como una estrategia eficaz para el diseño y la síntesis de nuevos compuestos con potencial bioactivo para la protección de cultivos. En esta investigación se sintetizaron 45 nuevos 1,2,3-triazoles sustituidos, obteniendo buenos rendimientos mediante la reacción “Click” entre una azidopinacolona y alquinos. De los productos finales, 15 fueron clasificados como análogos de paclobutrazol, caracterizados mediante espectroscopía infrarroja y resonancia magnética nuclear. Paralelamente, se construyó un modelo de relaciones cuantitativas estructura–actividad basado en datos experimentales extraídos de ChEMBL para predecir la actividad antifúngica; 6E y 7E resultaron los más prometedores. El acoplamiento molecular indicó que los compuestos 6H, 6I y 6K mostraron afinidades superiores a las de difenoconazol y paclobutrazol para las dianas de CYP51 de Fusarium oxysporum y de la proteína ent-kaureno oxidasa. Finalmente, la evaluación de absorción, distribución, metabolismo y excreción mediante SwissADME permitió descartar estructuras poco viables y desarrollar un índice de priorización que consideró la afinidad, las propiedades fisicoquímicas y la facilidad de síntesis. Los resultados obtenidos respaldan el potencial de estos triazoles como base para el desarrollo de nuevos agroquímicos. | |
| 520 | 3 | _aTriazoles and their derivatives are compounds of great importance due to their notable biological properties, which include antimicrobial, herbicidal, and antifungal activity, as well as their ability to regulate plant growth. As fungicides and growth regulators, these agrochemicals represent a cost-effective alternative to combat plant diseases caused by pathogenic fungi, which affect food quality and yield worldwide. For this reason, triazoles are valuable chemical scaffolds for the development of new agrochemicals. Currently, the combination of experimental methods and computational approaches has become an effective strategy for the design and synthesis of new compounds with bioactive potential for crop protection. In this work, 45 new substituted 1,2,3-triazoles were synthesized, achieving good yields through the “Click” reaction between azidopinacolone and alkynes. Among the final products, 15 were classified as paclobutrazol analogues and were characterized by infrared spectroscopy and nuclear magnetic resonance. In parallel, a quantitative structure–activity relationships model was built using ChEMBL experimental data to predict antifungal activity; compounds 6E and 7E were identified as the most promising. Molecular docking indicated that compounds 6H, 6I, and 6K exhibited higher affinities than difenoconazole and paclobutrazol for the CYP51 target of Fusarium oxysporum and for ent-kaurene oxidase. Finally, the absorption, distribution, metabolism, and excretion evaluation using SwissADME enabled the exclusion of low-suitability structures and the development of a prioritization index that accounted for affinity, physicochemical properties, and synthetic accessibility. The results obtained support the potential of these triazoles for the development of new agrochemicals. | |
| 650 | 1 | 3 |
_aTriazoles _2atg _9191653 _xPropiedades fungicidas |
| 650 | 1 | 3 |
_aPaclobutrazol _2atg _984624 _xPropiedades fungicidas |
| 650 | 1 | 3 |
_aFungicidas _2atg _944044 |
| 650 | 1 | 3 |
_aTriazoles _2atg _9191653 _xAntifungal properties |
| 650 | 1 | 3 |
_aPaclobutrazol _2atg _984624 _xAntifungal properties |
| 650 | 1 | 3 |
_aFungicides _2atg _9160948 |
| 700 | 1 |
_aZuleta Prada, Holber _9163248 _edirector |
|
| 700 | 1 |
_aLópez Valdez, Luis Germán _9189085 _easesor |
|
| 700 | 1 |
_aEspinosa Solares, Teodoro _9153069 _easesor |
|
| 856 | 4 | 0 |
_uhttp://10.13.5.2/tesis/t?/archivo.pdf _zDESCARGAR PDF |
| 942 | _2Clasificación Universidad Autónoma Chapingo | ||
| 999 |
_c233156 _d233156 |
||